Statistiques concernant Personnage les plus populaires de one piece

Cliquez ici pour prendre le quiz!

Statistiques générales

  • Ce quiz a été pris 320 fois
  • Le résultat moyen est 52 sur 100

Statistiques - réponses

HintRéponse% Correct
1Luffy
100%
2Zoro
99%
3Nami
98%
4Sanji
97%
9Ace
96%
6Robin
96%
12Shanks
95%
26Brook
94%
86Charlotte Linlin
93%
16Chopper
92%
28Franky
92%
10Sabo
92%
31Edward Newgate
91%
65Kaido
91%
15Usopp
91%
5Law
89%
46Teach
89%
53Akainu
88%
44Garp
88%
18Jinbe
88%
20Doflamingo
87%
36Aokiji
85%
23Kid
85%
29Roger
85%
17Crocodile
84%
14Katakuri
83%
62Dragon
82%
30Mihawk
81%
34Baggy
80%
59Kizaru
80%
19Marco
78%
33Rayleigh
76%
21Vivi
76%
27Smoker
69%
7Boa Hancock
68%
98Batholomew Kuma
67%
92Kinemon
67%
24Oden
66%
52Fujitora
65%
55Killer
64%
35Ener
63%
42Kobby
63%
8Carrot
61%
22Bonclay
60%
38Tashigi
60%
82Hawkins
59%
70Urouge
57%
79Ivankov
55%
11Yamato
55%
68Rebecca
53%
40Bartolomeo
52%
73Cavendish
52%
94Vista
51%
64Bepo
48%
99Charlotte Cracker
48%
41X Drake
48%
50Shiraoshi
46%
61Pedro
45%
25Perona
45%
45Pudding
43%
58Koala
42%
95Charlotte Perospero
38%
39Reiju
36%
43Rob Lucci
33%
48Izo
32%
93Zeff
32%
13Rosinante
31%
91Cesar Clown
29%
76Monet
29%
56Ulti
28%
32Merry
27%
51Pell
26%
72Senor Pink
26%
74Gecko Moria
25%
84Gin
25%
63Thousand Sunny
25%
83Denjiro
21%
96Kawamatsu
21%
47Kikunojo
21%
54Otama
20%
69Paulie
19%
67Hiluluk
18%
100Chouchou
15%
60Gaimon
13%
90Charlotte Mont D'or
12%
80Morgans
12%
97Pandaman
12%
75Karoo
9%
85Jewelry Bonney
8%
66Rockstar
8%
81Bellemere
7%
78Orlumbus
7%
57Benn Beckman
6%
49Hyori
5%
87Marguerite
5%
37Hoop slap
4%
71Namur
4%
89Kung Fu Dugong
3%
88Wyper
3%
77Kuka
0%

Distribution des résultats

Percentile par nombre de réponses

% des personnes avec chaque résultat

Votre développement - résultats

Vous n’avez pas pris ce quiz